| 000 | 01039cam a2200301 4500 | ||
|---|---|---|---|
| 001 | 29622 | ||
| 003 | BD-RjUL | ||
| 005 | 20211209051433.0 | ||
| 008 | 140406s1947 nyua b 001 0 eng d | ||
| 035 | _a(OCoLC)ocm01377579 | ||
| 035 | _a(BD-RjUL)29707 | ||
| 035 | _a(NNC)4013920 | ||
| 040 |
_aU.S. Armed Forces Medical Library _cITD _dSER _dZCH _dBD-RjUL _beng |
||
| 041 | _aeng | ||
| 082 | 0 | 4 |
_a616.8 _bPAA 1947 |
| 100 | 1 |
_aPage, James D. _q(James Daniel), _d1910-1984. _990255 |
|
| 245 | 1 | 0 |
_aAbnormal psychology : _ba clinical approach to psychological deviants / _c James D. Page |
| 250 | _a1st ed. | ||
| 260 |
_aNew York : _c1947. _bMcgraw-Hill Book Company ; |
||
| 300 |
_axvii, 441 p. : _billus. ; _c24 cm. |
||
| 490 | 1 | _aMcGraw-Hill publications in psychology | |
| 504 | _aIncludes bibliographies. "List of visual aids": p. 427-429. and Index | ||
| 650 | 0 |
_aPsychology, Pathological. _990256 |
|
| 830 | 0 |
_aMcGraw-Hill publications in psychology. _990258 |
|
| 942 |
_2ddc _cBK |
||
| 999 |
_c29622 _d29622 |
||